| 000 | 00818nam a22001697a 4500 | ||
|---|---|---|---|
| 999 |
_c62639 _d62639 |
||
| 003 | Ge_BSU | ||
| 005 | 20241225145125.0 | ||
| 008 | 241225s1976 ge ||||| |||| 00| 0 geo d | ||
| 041 | _ageo | ||
| 080 | _a159.97 : 616.89 ფ-95 | ||
| 245 |
_aფსიქოპათოლოგიის საკითხები : _b[სტატიების კრებული. ეძღვნება ი. ბჟალავას ხსოვნას] / _cდ. უზნაძის სახ. ფსიქოლოგიის ინ-ტი. |
||
| 264 |
_aთბილისი : _bმეცნიერება, _c1976. |
||
| 300 |
_a218 გვ. : _b 1 ფ. პორტრ. ; _c21 სმ. |
||
| 653 | _aფსიქოპათოლოგია | ||
| 653 | _aმედიცინა | ||
| 942 |
_2udc _cᲬᲘᲒᲜᲘ |
||